| 000 | 00363nam a2200133Ia 4500 | ||
|---|---|---|---|
| 008 | 220217s9999||||xx |||||||||||||| ||und|| | ||
| 020 | _a9788173719905 | ||
| 082 | _a624.15 MOI | ||
| 100 |
_aMoitra, Debashis _99860 |
||
| 245 | 0 | _aGeotechnical engineering | |
| 260 |
_aUniversities press _bHyderabad _c2016 |
||
| 300 |
_aXXII, 886p. _b725 |
||
| 650 | _aGEOLOGY | ||
| 999 |
_c187531 _d187531 |
||